Video-assisted thoracic surgery / (Record no. 112701)

MARC details
000 -LEADER
fixed length control field 00639nam a2200217 a 4500
008 - FIXED-LENGTH DATA ELEMENTS--GENERAL INFORMATION
fixed length control field
020 ## - INTERNATIONAL STANDARD BOOK NUMBER
International Standard Book Number 1899066098 (hbk.)
049 ## - LOCAL HOLDINGS (OCLC)
Holding library MAIN
050 10 - LIBRARY OF CONGRESS CALL NUMBER
Classification number RD536
Item number VID
003 - CONTROL NUMBER IDENTIFIER
control field
005 - DATE AND TIME OF LATEST TRANSACTION
control field 20230120203845.0
040 ## - CATALOGING SOURCE
Transcribing agency NUST
245 00 - TITLE STATEMENT
Title Video-assisted thoracic surgery /
Statement of responsibility, etc. edited by William S.Walker.
260 ## - PUBLICATION, DISTRIBUTION, ETC.
Place of publication, distribution, etc. Oxford :
Name of publisher, distributor, etc. Isis Medical Media,
Date of publication, distribution, etc. 1999.
300 ## - PHYSICAL DESCRIPTION
Extent viii, 232 p. :
Other physical details ill.(some col.) ;
Dimensions 29 cm.
504 ## - BIBLIOGRAPHY, ETC. NOTE
Bibliography, etc. note Includes bibliographical references.
500 ## - GENERAL NOTE
General note Includes index.
650 12 - SUBJECT ADDED ENTRY--TOPICAL TERM
Topical term or geographic name entry element Thoracic Surgery.
907 ## - LOCAL DATA ELEMENT G, LDG (RLIN)
a .b10151096
b 19-07-12
c 08-02-05
942 ## - ADDED ENTRY ELEMENTS (KOHA)
Koha item type Ordinary Loan Books
Holdings
Date last seen Total Checkouts Full call number Barcode Cost, replacement price Price effective from Koha item type Lost status Source of classification or shelving scheme Damaged status Not for loan Collection Withdrawn status Home library Current library Shelving location Date acquired Cost, normal purchase price
01/20/2023   RD536 VID 92003022301 80.00 01/20/2023 BOOKS   LCC     NFIC   MEDICAL MEDICAL GEN 01/20/2023 80.00